XI du FC Sochaux-Montbéliard 2010's - Statistiques

Statistiques générales
  • Ce quiz a été pris 125 fois
    121 depuis la dernière actualisation
  • Le résultat moyen est 25 sur 73
Statistiques - réponses
Poste Pays Joueur % Correct
MO 26 Marvin Martin
81%
MG 14 Florian Martin
80%
MD 10 Ryad Boudebouz
77%
Coach Omar Daf
76%
G 16 Teddy Richert
73%
G 16 Maxence Prévot
67%
AG 22 Cédric Bakambu
63%
Coach Hervé Renard
63%
DD 2 Sébastien Corchia
59%
G 40 Yohann Pelé
51%
G 16 Simon Pouplin
48%
DC 4 Adolphe Teikeu
46%
DC 24 Damien Perquis
46%
G 1 Pierrick Cros
46%
AT 9 Sloan Privat
45%
DD 25 Julien Faussurier
43%
AT 15 Modibo Maïga
43%
MDF 26 Sanjin Prcic
42%
MG 18 Sébastien Roudet
41%
DC 5 Carlão
40%
AT 12 Brown Ideye
39%
AT 20 Édouard Butin
39%
MG 19 Karl Toko Ekambi
39%
DD 24 Rafael Navarro
39%
AD 15 Aldo Kalulu
37%
ATT 28 Faneva Andriatsima
37%
MDF 22 Florian Tardieu
37%
G 1 Olivier Werner
36%
AT 27 Abdoulaye Sané
35%
Coach Albert Cartier
35%
Coach Francis Gillot
35%
MDF 6 Jeando Fuchs
35%
Coach Mehmed Bazdarevic
34%
MC 19 Sodiane Daham
34%
MD 14 Ermedin Demirovic
33%
DG 22 Yassin Mikari
33%
DC 29 Mathieu Peybernes
31%
Coach Peter Zeidler
31%
AT 14 Yoann Touzghar
30%
Coach Éric Hély
29%
DG 14 Jérôme Roussillon
29%
DD 2 Mickaël Alphonse
28%
DG 23 Jason Pendant
27%
DC 33 Jérôme Onguéné
27%
DC 5 Matheus Vivian
27%
MG 11 Roy Contout
27%
DC 6 Cédric Kanté
25%
MDF 6 Kévin Anin
25%
MG 28 Nicolas Maurice-Belay
25%
Coach Olivier Echouafni
25%
MDF 21 Vincent Nogueira
25%
DD 23 David Sauget
24%
MD 7 Florin Bérenguer
24%
DC 13 Jérémie Bréchet
24%
MD 23 Moussa Sao
24%
MG 10 Anderson Cruz
23%
MDF 21 Marco Ilaimaharitra
23%
DC 18 Jean Ruiz
23%
DC 27 Pierre Gibaud
23%
DC 12 Florent Ogier
18%
DC 5 Olivier Verdon
17%
MC 18 Stéphane Dalmat
17%
DG 4 Boukary Dramé
16%
MDF 28 Nathan Sinkala
16%
DG 7 Florian Marange
14%
MDF 8 Johann Ramaré
14%
AT 18 Sekou CIssé
14%
DD 5 Jacques Faty
13%
MO 11 Raphaël Cacérès
13%
DG 5 Zakarya Bergdich
12%
MDF 17 Elisha Owusu
11%
MC 27 Loïc Poujol
10%
MC 19 Benjamin Gavanon
7%
Aucun quiz correspondant
Distribution des résultats
% des personnes avec chaque résultat
Percentile par nombre de réponses
Votre historique - résultats
Vous n’avez pas pris ce quiz depuis la dernière actualisation